Welcome to CU Library Online Public Access Catalogue (OPAC)

Microeconomics; (Record no. 5913)

MARC details
000 -LEADER
fixed length control field 00388nam a22001457a 4500
005 - DATE AND TIME OF LATEST TRANSACTION
control field 20250522122425.0
008 - FIXED-LENGTH DATA ELEMENTS--GENERAL INFORMATION
fixed length control field 250522b |||||||| |||| 00| 0 eng d
020 ## - INTERNATIONAL STANDARD BOOK NUMBER
International Standard Book Number 998453200138
050 ## - LIBRARY OF CONGRESS CALL NUMBER
Classification number HB172
Item number POM
100 ## - MAIN ENTRY--PERSONAL NAME
Personal name Pomeyie, Paragon
245 ## - TITLE STATEMENT
Title Microeconomics;
Remainder of title an introductory textbooks
260 ## - PUBLICATION, DISTRIBUTION, ETC.
Place of publication, distribution, etc. Accra
Name of publisher, distributor, etc. Wade Laurel Press Lts
Date of publication, distribution, etc. c2001
300 ## - PHYSICAL DESCRIPTION
Extent xii, 286p
942 ## - ADDED ENTRY ELEMENTS (KOHA)
Source of classification or shelving scheme Library of Congress Classification
Koha item type Books
Suppress in OPAC No
999 ## -
-- 5913
-- 5913
Holdings
Withdrawn status Lost status Source of classification or shelving scheme Damaged status Not for loan Collection Home library Current library Shelving location Date acquired Total checkouts Full call number Barcode Date last seen Copy number Price effective from Koha item type
    Library of Congress Classification     Non-fiction Undergraduate Library (Christ Temple) Undergraduate Library (Christ Temple) General stacks 05/22/2025   HB172 POM ulct00002573 05/22/2025 1 05/21/2025 Books
    Library of Congress Classification     Non-fiction Undergraduate Library (Christ Temple) Undergraduate Library (Christ Temple) General stacks 05/22/2025   HB172 POM ulct00002574 05/22/2025 2 05/21/2025 Books
    Library of Congress Classification     Non-fiction Undergraduate Library (Christ Temple) Undergraduate Library (Christ Temple) General stacks 05/22/2025   HB172 POM ulct00002575 05/22/2025 1 05/21/2025 Books
    Library of Congress Classification     Non-fiction Undergraduate Library (Christ Temple) Undergraduate Library (Christ Temple) General stacks 05/22/2025   HB172 POM ulct00002576 05/22/2025 2 05/21/2025 Books
© 2023-2024 Copyright: Central University Libraries. All Rights Reserved | Created by: Mahone Tech Office